| Tag |
First Indicator |
Second Indicator |
Subfields |
| LEADER |
00000cam a2200000 4500 |
| 001 |
in00000021822 |
| 005 |
20151007063741.0 |
| 008 |
780921s1934 ag c 00001 spa |
| 010 |
|
|
|a 35011992
|
| 035 |
|
|
|a (OCoLC)04243584
|
| 035 |
|
|
|9 AAD8160AM
|
| 040 |
|
|
|a DLC
|c LDL
|d TXA
|d UtOrBLW
|
| 049 |
|
|
|a TXAM
|c 1 [227358]
|c 2 [413096]
|
| 050 |
0 |
0 |
|a PQ7797.G4
|b H57
|
| 082 |
0 |
|
|a 863.6
|
| 092 |
|
|
|a 863
|b G365h
|
| 100 |
1 |
|
|a Gerchunoff, Alberto,
|d 1883-1950.
|
| 245 |
1 |
3 |
|a El hombre importante :
|b novela.
|
| 264 |
|
1 |
|a Buenos Aires,
|b [publisher not identified] ;
|a Montevideo,
|c [1934]
|
| 300 |
|
|
|a 169 pages, 1 :
|b frontispiece (portrait) ;
|c 20 cm.
|
| 336 |
|
|
|a text
|b txt
|2 rdacontent
|
| 337 |
|
|
|a unmediated
|b n
|2 rdamedia
|
| 338 |
|
|
|a volume
|b nc
|2 rdacarrier
|
| 490 |
0 |
|
|a Ediciones de la Sociedad amigos del libro rioplatense, vol. XI
|
| 999 |
|
|
|a MARS
|
| 999 |
f |
f |
|s baa0e27c-168f-36b1-a2e7-ac3be7962a25
|i 43b8e6d1-1858-32b4-8cff-631734f03ade
|t 0
|
| 952 |
f |
f |
|p normal
|a Texas A&M University
|b College Station
|c Sterling C. Evans Library
|d Evans: Library Stacks
|t 0
|e PQ7797.G4 H57
|h Library of Congress classification
|i unmediated -- volume
|m A14801384187
|
| 952 |
f |
f |
|p ric
|a Texas A&M University
|b Rellis Campus
|c Joint Library Facility
|d Remote Storage
|t 0
|e PQ7797.G4 H57
|h Library of Congress classification
|i unmediated -- volume
|m A14801384179
|
| 998 |
f |
f |
|a PQ7797.G4 H57
|t 0
|l Evans: Library Stacks
|
| 998 |
f |
f |
|a PQ7797.G4 H57
|t 0
|l Remote Storage
|